| 000 | 00642nam a2200193 a 4500 | ||
|---|---|---|---|
| 005 | 20240305063801.0 | ||
| 008 | 040212s1999 mx r 000 0 spa d | ||
| 020 | _a8477741336 | ||
| 035 | _aUPN01000131836 | ||
| 049 | _aCG | ||
| 050 | 4 |
_aQ181 _bD3.6 |
|
| 245 | 0 | 0 |
_aDando sentido a la ciencia en secundaria : _binvestigaciones sobre las ideas de los niños / _cRosalind Driver ... [et al.] ; tr. María José Pozo Municio. |
| 260 |
_aMadrid : _bVisor, _c1999. |
||
| 300 | _a266 p. | ||
| 440 | 0 |
_aAprendizaje ; _v133 |
|
| 650 | 4 |
_aCiencia _xEstudio y enseñanza (Secundaria) _910108 |
|
| 700 | 1 |
_aDriver, Rosalind, _ecoaut. |
|
| 905 | _aLibro | ||
| 999 |
_c103991 _d103991 |
||